GOULD, Jim
Guardat en:
| Autor principal: | |
|---|---|
| Format: | Llibre |
| Idioma: | anglès |
| Publicat: |
Sage
2014
|
| Etiquetes: |
Afegir etiqueta
Sense etiquetes, Sigues el primer a etiquetar aquest registre!
|
MARC
| LEADER | 00000nam a22000007a 4500 | ||
|---|---|---|---|
| 008 | 201216b ||||| |||| 00| 0 eng d | ||
| 020 | |a 978-1-44628-7026 | ||
| 100 | |a GOULD, Jim. |a Roffey-Barentsen, Jodi | ||
| 245 | |a GOULD, Jim |c Jim Gould and Jodi Roffey-Barentsen |g ix, 393p., ill. | ||
| 260 | |b Sage |c 2014 |h Los Angeles |i 692307 |i 692308 |l LB1725 .G6G73 |m Teachers - Training of - Great Britain |m Education - Study and teaching - Great Britain |m Great Britain | ||
| 500 | |a “It includes references and index”. | ||
| 942 | |a lcc |c BK |e O.A.JOHNSON |f 16/12/20 | ||
| 952 | |0 0 |1 0 |2 lcc |4 0 |6 LB1725 G6 G73 |7 0 |9 595 |a HOL |b ED |c LP |d 2020-12-16 |o LB1725 .G6G73 |p 2020-22913 |r 2020-12-16 00:00:00 |w 2020-12-16 |y BK | ||
| 952 | |0 0 |1 0 |2 lcc |4 0 |6 LB1725 G6 G73 |7 0 |9 596 |a HOL |b HOL |c LP |d 2020-12-16 |l 0 |o LB1725 .G6G73 |p 2020-22914 |r 2020-12-16 00:00:00 |w 2020-12-16 |y BK | ||
| 999 | |c 333 |d 333 | ||